История России с древнейших времен, Т. 15-16; Сочинения

Opis bibliograficzny
Parent link:Сочинения: В 18-ти кн./ С. М. Соловьев. Кн. 8.— , 1988-2000
Język:rosyjski
Wydane: 1993
Hasła przedmiotowe:
Format: Książka
KOHA link:https://koha.lib.tpu.ru/cgi-bin/koha/opac-detail.pl?biblionumber=16168

MARC

LEADER 00000nam0a2200000 4500
001 16168
005 20241126063147.0
010 |a 5244000756 
035 |a (RuTPU)RU\TPU\book\16290 
035 |a BOOK00016359 
090 |a 16168 
100 |a 20011209d1993 k y0rusy50 ca 
101 0 |a rus 
102 |a RU 
105 |a y z 000zb 
200 1 |a История России с древнейших времен, Т. 15-16 
210 |d 1993 
215 |a 639 с. 
461 |t Сочинения  |o В 18-ти кн.  |f С. М. Соловьев  |v Кн. 8  |d 1988-2000 
600 0 |a Петр Великий  |d I  |f 1672-1725  |c российский царь из династии Романовых  |c первый российский император  |2 stltpui  |3 (RuTPU)RU\TPU\pers\365 
606 |a Россия  |x История  |7 ca  |8 rus  |9 81526 
610 1 |a 18 век 
686 |a Т3(2)  |2 rubbk 
801 0 |a RU  |b 63413507  |c 20011209  |g PSBO 
801 2 |a RU  |b 63413507  |c 20050928  |g PSBO 
942 |c BK